000 00434nam a2200169Ia 4500
008 221030s9999 xx 000 0 und d
020 _a007463841
041 _aEnglish
082 _a105.23
_bRay
100 _aA. K. Ray
245 0 _aAdvanced Microproceesors & Peripherals
_cby A. K. Ray, K. M. Bhurchandi
260 _bTMH
_aNew Delhi
_c2002
300 _a666
650 _aBE Computer
700 _aK. M. Bhurchandi
942 _cBK
999 _c8442
_d8442